| 000 | 00781cam a22002532 4500 | ||
|---|---|---|---|
| 001 | 12140 | ||
| 003 | BD-RjUL | ||
| 005 | 20211208235236.0 | ||
| 008 | 140128r19721970ii a b 001 0 eng | ||
| 035 | _a(BD-RjUL)12189 | ||
| 040 |
_aDLC _cDLC _dOCL _dBD-RjUL _beng |
||
| 041 | _aeng | ||
| 082 |
_a581 _bBOP 1972 |
||
| 100 | 1 |
_aBold, Harold C. _d1909- _qCharles. _937593 |
|
| 245 | 1 | 4 |
_aThe plant kingdom / _cHarold C. Bold. |
| 250 | _a3rd ed. | ||
| 260 |
_aNew Delhi; _aEnglewood Cliffs, N.J. : _bPrentice-Hall, _c1970 [reprinted 1972]. |
||
| 300 |
_ax, 190 p. : _bill. ; _c24 cm. |
||
| 504 | _aIncludes Bibliography and index. | ||
| 650 | 0 |
_aBotany. _937594 |
|
| 830 | 0 |
_aPrentice-Hall foundations of modern biology series _9215869 |
|
| 942 |
_2ddc _cBK |
||
| 999 |
_c12140 _d12140 |
||